FNAF 2 Animatronique - Statistiques

Statistiques générales
  • Ce quiz a été pris 129 fois
  • Le résultat moyen est 11 sur 15
Statistiques - réponses
Animatronique % Correct
Toy Chica
96%
Mangle
95%
Toy Freddy
95%
Toy Bonnie
94%
Marionette
83%
Balloon Boy
78%
Withered Freddy
78%
Withered Bonnie
77%
Withered Chica
77%
Withered Foxy
77%
Shadow Bonnie
63%
Withered Golden Freddy
58%
Shadow Freddy
55%
Endo-02
53%
JJ
42%
Aucun quiz correspondant
Distribution des résultats
% des personnes avec chaque résultat
Percentile par nombre de réponses
Votre historique - résultats
Vous n’avez pas pris ce quiz